[Event "BL2-Sued 2324"]
[Site "Germany"]
[Date "2023.12.02"]
[Round "3.7"]
[White "Gohil, Harry"]
[Black "Mann, Christian"]
[Result "1/2-1/2"]
[WhiteElo "2256"]
[BlackElo "2391"]
[PlyCount "160"]
[EventDate "2023.10.21"]
[EventType "team-tourn"]
[EventRounds "10"]
[EventCountry "GER"]
[SourceTitle "EXT 2025"]
[Source "ChessBase"]
[SourceDate "2024.10.14"]
[SourceVersion "1"]
[SourceVersionDate "2024.10.14"]
[SourceQuality "1"]
[WhiteTeam "Schott Mainz"]
[BlackTeam "Eppingen"]
[WhiteTeamCountry "GER"]
[BlackTeamCountry "GER"]

1. d4 d5 2. Nf3 Nc6 3. Bf4 Bg4 4. e3 e6 5. c4 Bb4+ 6. Nc3 Nge7 7. a3 Bxc3+ 8. bxc3 0-0 9. h3 Bxf3 10. Qxf3 Na5 11. cxd5 Nxd5 12. Bd3 c5 13. Qe4 g6 14. Bh6 Re8 15. Qe5 f6 16. Qg3 Kh8 17. c4 Ne7 18. Qh4 Nf5 19. Bxf5 exf5 20. 0-0 cxd4 21. exd4 Re4 22. Qg3 Rxd4 23. Rfe1 Nxc4 24. Re6 Nd6 25. Rae1 Ne4 26. Qb3 Qd7 27. Qb2 Rd8 28. Be3 Rd5 29. Rxe4 fxe4 30. Qxf6+ Kg8 31. Qc3 b6 32. Kh2 Rd3 33. Qc4+ Qd5 34. Qa4 Qe5+ 35. g3 Qf5 36. Qc4+ Qd5 37. Qa4 Rd7 38. h4 Kg7 39. Bf4 Rd4 40. Qc2 Rc4 41. Qa2 Kg8 42. Re2 Qe6 43. Bh6 Qf5 44. Qb3 b5 45. Qb2 a6 46. Rd2 Rcc7 47. Bf4 Rxd2 48. Qxd2 Rd7 49. Qc2 Rf7 50. Qc6 Qf6 51. Qxe4 h5 52. Be3 Re7 53. Qa8+ Kh7 54. Qd8 Re6 55. Qd7+ Qe7 56. Qd5 Qd6 57. Qf3 Re7 58. Bc1 Qe5 59. Qf8 Rg7 60. Bh6 Rd7 61. Bf4 Qf5 62. Qa8 Qe6 63. Be3 Qd6 64. Qe8 Rg7 65. Bc1 Qe7 66. Qc8 Rf7 67. Be3 Qxa3 68. Bd4 Qf8 69. Qxa6 b4 70. Qb6 Rf5 71. Qb7+ Kg8 72. Kg2 Ra5 73. Qb6 Qa8+ 74. f3 Ra2+ 75. Bf2 Qa6 76. Qd8+ Kf7 77. Qd7+ Kf8 78. Qd8+ Kf7 79. Qd7+ Kf6 80. Qd4+ Kf7 1/2-1/2

[Event "Oberliga Sued W 2223"]
[Site "Germany"]
[Date "2023.04.23"]
[Round "8.7"]
[White "Giese, Tilman"]
[Black "Gohil, Harry"]
[Result "0-1"]
[WhiteElo "1994"]
[BlackElo "2252"]
[PlyCount "76"]
[EventDate "2022.10.23"]
[EventType "team-tourn"]
[EventRounds "9"]
[EventCountry "GER"]
[SourceTitle "EXT 2025"]
[Source "ChessBase"]
[SourceDate "2024.10.14"]
[SourceVersion "1"]
[SourceVersionDate "2024.10.14"]
[SourceQuality "1"]
[WhiteTeam "Illingen Turm"]
[BlackTeam "Schott Mainz"]
[WhiteTeamCountry "GER"]
[BlackTeamCountry "GER"]

1. Nf3 Nf6 2. g3 g6 3. Bg2 Bg7 4. 0-0 0-0 5. c4 d6 6. d4 Nc6 7. Nc3 a6 8. e4 Rb8 9. Qe2 Bg4 10. Be3 e5 11. d5 Nd4 12. Qd1 c5 13. dxc6 bxc6 14. Rb1 Nd7 15. Bxd4 exd4 16. Ne2 Bxf3 17. Bxf3 Qb6 18. Bg2 Qc5 19. b3 a5 20. Nf4 Ne5 21. Qc2 a4 22. Nd3 Nxd3 23. Qxd3 Qa3 24. Qc2 Rb4 25. c5 dxc5 26. Qxc5 Rxb3 27. Qxf8+ Bxf8 28. axb3 axb3 29. e5 c5 30. Rfc1 b2 31. Rc2 d3 32. Rcxb2 c4 33. Rd2 Qa5 34. Rdd1 Qxe5 35. Bf1 Bc5 36. Bxd3 Qd4 37. Bxc4 Qxf2+ 38. Kh1 Qf3# 0-1

[Event "Oberliga Sued W 2223"]
[Site "Germany"]
[Date "2023.02.26"]
[Round "6.7"]
[White "Bruch, Ingo"]
[Black "Gohil, Harry"]
[Result "1-0"]
[WhiteElo "2288"]
[BlackElo "2252"]
[PlyCount "115"]
[EventDate "2022.10.23"]
[EventType "team-tourn"]
[EventRounds "9"]
[EventCountry "GER"]
[SourceTitle "EXT 2025"]
[Source "ChessBase"]
[SourceDate "2024.10.14"]
[SourceVersion "1"]
[SourceVersionDate "2024.10.14"]
[SourceQuality "1"]
[WhiteTeam "Kaiserslautern"]
[BlackTeam "Schott Mainz"]
[WhiteTeamCountry "GER"]
[BlackTeamCountry "GER"]

1. d4 Nf6 2. Nf3 g6 3. c4 Bg7 4. Nc3 0-0 5. e4 d6 6. h3 c5 7. d5 b5 8. cxb5 a6 9. b6 Qxb6 10. Nd2 Nbd7 11. Be2 Qc7 12. 0-0 Nb6 13. a4 Bd7 14. a5 Nc8 15. Bc4 e5 16. dxe6 Bxe6 17. Bxe6 fxe6 18. Qb3 Re8 19. Qc4 d5 20. exd5 Nd6 21. Qa2 exd5 22. Nxd5 Nxd5 23. Qxd5+ Kh8 24. Nf3 Nf5 25. Ra4 Rad8 26. Qc4 Qc6 27. Ng5 Rd5 28. Ra3 h6 29. Nf3 Kh7 30. Rb3 Nd6 31. Qg4 Nb5 32. Re3 Rxe3 33. fxe3 Qd7 34. Qxd7 Rxd7 35. Kf2 Rd3 36. Nd2 Nd6 37. Ke2 Rd5 38. Rf4 g5 39. Ra4 Kg6 40. Nc4 Nb5 41. g4 Rd8 42. Nd2 Rd5 43. Ne4 Nc7 44. Rc4 Ne6 45. b3 Kf7 46. Ba3 Bf8 47. Rc1 Be7 48. Rf1+ Kg6 49. Rd1 Re5 50. Kf3 Nc7 51. Rd7 Nb5 52. Bb2 Re6 53. Nxc5 Rxe3+ 54. Kxe3 Bxc5+ 55. Kd3 h5 56. Kc4 Be3 57. Rg7+ Kh6 58. Re7 1-0

[Event "Oberliga Sued W 2223"]
[Site "Germany"]
[Date "2022.10.23"]
[Round "1.4"]
[White "Gohil, Harry"]
[Black "Syska, Albert"]
[Result "1/2-1/2"]
[WhiteElo "2252"]
[BlackElo "2160"]
[PlyCount "146"]
[EventDate "2022.10.23"]
[EventType "team-tourn"]
[EventRounds "9"]
[EventCountry "GER"]
[SourceTitle "EXT 2025"]
[Source "ChessBase"]
[SourceDate "2024.10.14"]
[SourceVersion "1"]
[SourceVersionDate "2024.10.14"]
[SourceQuality "1"]
[WhiteTeam "Schott Mainz"]
[BlackTeam "Frankenthal"]
[WhiteTeamCountry "GER"]
[BlackTeamCountry "GER"]

1. d4 Nf6 2. Bg5 c6 3. Bxf6 gxf6 4. e3 Qb6 5. Qc1 e5 6. Nd2 d5 7. Ne2 Be6 8. c3 Nd7 9. Ng3 c5 10. Nf3 h5 11. h4 cxd4 12. exd4 Bh6 13. Qc2 e4 14. Nd2 f5 15. Be2 Nf6 16. 0-0-0 0-0-0 17. Kb1 Bf4 18. c4 dxc4 19. Bxc4 Kb8 20. Bxe6 fxe6 21. Ne2 Rc8 22. Qb3 Qxb3 23. Nxb3 Bd6 24. Nc3 Bb4 25. Ne2 Nd5 26. Rc1 b6 27. g3 a5 28. a3 Bd6 29. Nd2 Kb7 30. Nc4 Bc7 31. Rc2 b5 32. Nd2 a4 33. b3 Ba5 34. b4 Rxc2 35. Kxc2 Rc8+ 36. Kb2 Bb6 37. Re1 e5 38. dxe5 Bxf2 39. Rf1 Ne3 40. Rc1 Rd8 41. Nb1 Nc4+ 42. Ka2 Nxe5 43. Rc2 Kb6 44. Nf4 Bxg3 45. Nxh5 Bxh4 46. Rc5 Nc4 47. Rxf5 e3 48. Nf4 Bg3 49. Rf6+ Kb7 50. Ne6 Rd6 51. Nc5+ Kc6 52. Rxd6+ Nxd6 53. Nc3 Be5 54. Ne2 Kd5 55. Kb1 Nc4 56. Kc2 Nxa3+ 57. Kd3 Nc4 58. Ne4 Kc6 59. Nc1 Bb2 60. Na2 a3 61. Ng3 Kd5 62. Nf5 Bf6 63. Nc1 Ne5+ 64. Ke2 Bg5 65. Nxe3+ Ke4 66. Na2 Bxe3 67. Nc3+ Kf4 68. Nd5+ Kg3 69. Nxe3 a2 70. Nc2 Nc6 71. Kd2 Nxb4 72. Na1 Nd5 73. Kc2 b4 1/2-1/2

[Event "BL2-West 1920"]
[Site "Germany"]
[Date "2019.11.24"]
[Round "3.6"]
[White "Polaczek, Richard"]
[Black "Gohil, Harry"]
[Result "1/2-1/2"]
[WhiteElo "2361"]
[BlackElo "2234"]
[PlyCount "160"]
[EventDate "2019.09.19"]
[EventType "team-tourn"]
[EventRounds "9"]
[EventCountry "GER"]
[SourceTitle "EXT 2023"]
[Source "ChessBase"]
[SourceDate "2022.10.05"]
[SourceVersion "1"]
[SourceVersionDate "2022.10.05"]
[SourceQuality "1"]
[WhiteTeam "Remagen Sinzig"]
[BlackTeam "Schott Mainz"]
[WhiteTeamCountry "GER"]
[BlackTeamCountry "GER"]

1. d4 Nf6 2. Nf3 g6 3. g3 Bg7 4. Bg2 0-0 5. 0-0 d6 6. Nc3 Nc6 7. d5 Ne5 8. Nxe5 dxe5 9. b3 Bf5 10. e4 Bg4 11. Qd3 Qc8 12. Ba3 Re8 13. f3 Bd7 14. Na4 e6 15. c4 b6 16. Bb2 Qa6 17. Nc3 exd5 18. exd5 Rad8 19. Rad1 Nh5 20. a4 f5 21. Rfe1 Qc8 22. Qc2 c5 23. Nb5 Qb8 24. Bc3 a6 25. Na3 a5 26. Qb2 Qd6 27. Rd2 Re7 28. Rde2 Rde8 29. Nb1 Kf8 30. Nd2 Bc8 31. Nf1 Kg8 32. Ne3 f4 33. Nf1 fxg3 34. hxg3 Bf6 35. Kh2 Bf5 36. Bh3 e4 37. fxe4 Rxe4 38. Rxe4 Rxe4 39. Rxe4 Bxe4 40. Be6+ Kg7 41. Bxf6+ Nxf6 42. Kh3 Bf5+ 43. Bxf5 gxf5 44. Ne3 Kg6 45. Ng2 Ne4 46. Nf4+ Kf7 47. Qh8 Qh6+ 48. Kg2 Nxg3 49. Qe5 Qh4 50. d6 Qg4 51. Qe7+ Kg8 52. Qe8+ Kg7 53. Ne6+ Kf6 54. Qe7+ Ke5 55. Nc7+ Kd4 56. Qg7+ Qxg7 57. Ne6+ Ke5 58. Nxg7 Kxd6 59. Kxg3 Ke5 60. Ne8 Kd4 61. Nd6 Kc3 62. Nc8 Kxb3 63. Nxb6 h5 64. Kf4 h4 65. Kf3 Kc3 66. Kf4 Kd4 67. Kf3 Kd3 68. Kf4 Ke2 69. Nd5 h3 70. Kg3 Kd3 71. Nb6 f4+ 72. Kxh3 f3 73. Kg3 Ke2 74. Nd5 f2 75. Nf4+ Ke3 76. Nd5+ Kd4 77. Kxf2 Kxc4 78. Nb6+ Kb3 79. Ke2 c4 80. Nxc4 Kxc4 1/2-1/2

[Event "Porto Mannu op 11th"]
[Site "Porto Mannu"]
[Date "2019.06.08"]
[Round "9"]
[White "Christiansen, Johan Sebastian"]
[Black "Gohil, Harry"]
[Result "1/2-1/2"]
[WhiteElo "2571"]
[BlackElo "2236"]
[PlyCount "106"]
[EventDate "2019.06.01"]
[EventType "swiss"]
[EventRounds "9"]
[EventCountry "ITA"]
[SourceTitle "CBM 190 Extra"]
[Source "ChessBase"]
[SourceDate "2019.07.15"]
[SourceVersion "1"]
[SourceVersionDate "2019.07.15"]
[SourceQuality "1"]

1. e4 c5 2. Nf3 Nc6 3. Nc3 e6 4. d4 cxd4 5. Nxd4 Qc7 6. Be3 a6 7. a3 b5 8. Nxc6 Qxc6 9. Be2 Bb7 10. 0-0 Rc8 11. Qd2 Nf6 12. Bf3 e5 13. Bg5 b4 14. axb4 Bxb4 15. Bxf6 Qxf6 16. Rfd1 Qe7 17. Qe3 Bxc3 18. bxc3 Qc5 19. Qg5 0-0 20. Rxd7 Qxc3 21. Rc1 h6 22. Qe7 Bc6 23. Rc7 Qb2 24. Rd1 Rxc7 25. Qxc7 Qxc2 26. Qxe5 Re8 27. Qa1 Bxe4 28. Re1 Qc6 29. Bxe4 Rxe4 30. Rxe4 Qxe4 31. Qxa6 Qe1+ 32. Qf1 Qc3 33. h3 h5 34. Qe2 g6 35. g3 Qc1+ 36. Kh2 Qc7 37. Qe4 Qd6 38. Kg2 Kg7 39. g4 hxg4 40. hxg4 g5 41. Qf5 f6 42. Qb5 Qe6 43. Kf3 Kg6 44. Qb1+ f5 45. Qd3 Kf6 46. Qd4+ Kg6 47. gxf5+ Qxf5+ 48. Kg3 Qe6 49. Qc5 Kh5 50. Kh2 Qe4 51. Kg1 Qg4+ 52. Kf1 Qd1+ 53. Kg2 Qg4+ 1/2-1/2

[Event "Porto Mannu op 11th"]
[Site "Porto Mannu"]
[Date "2019.06.07"]
[Round "8"]
[White "Gohil, Harry"]
[Black "Movsziszian, Karen"]
[Result "0-1"]
[WhiteElo "2236"]
[BlackElo "2486"]
[PlyCount "82"]
[EventDate "2019.06.01"]
[EventType "swiss"]
[EventRounds "9"]
[EventCountry "ITA"]
[SourceTitle "CBM 190 Extra"]
[Source "ChessBase"]
[SourceDate "2019.07.15"]
[SourceVersion "1"]
[SourceVersionDate "2019.07.15"]
[SourceQuality "1"]

1. d4 g6 2. e4 Bg7 3. c3 d6 4. Nf3 Nf6 5. Nbd2 0-0 6. Bd3 c5 7. 0-0 Qc7 8. d5 e5 9. dxe6 Bxe6 10. Ng5 Bd7 11. f4 Nc6 12. a4 Rae8 13. Qc2 d5 14. exd5 Nxd5 15. Nc4 Nb6 16. f5 Bxf5 17. Rxf5 gxf5 18. Bxf5 Re1+ 19. Kf2 Rfe8 20. Bxh7+ Kf8 21. Bd3 Nxc4 22. Bxc4 Ne5 23. Be2 Rh1 24. h3 c4 25. Qf5 Qc5+ 26. Kg3 Qd6 27. b3 Rxc1 28. Rxc1 cxb3 29. Qf4 Qg6 30. h4 Bh6 31. Rf1 Kg7 32. Bb5 Re7 33. Kh2 b2 34. Qb4 Bxg5 35. hxg5 Qxg5 36. Be2 Qh6+ 37. Kg1 Qe3+ 38. Rf2 Rd7 39. Qxb2 Rd2 40. Qb5 Ng4 41. Qf5 Nxf2 0-1

[Event "Porto Mannu op 11th"]
[Site "Porto Mannu"]
[Date "2019.06.02"]
[Round "2"]
[White "Gohil, Harry"]
[Black "Jakubowski, Krzysztof"]
[Result "0-1"]
[WhiteElo "2236"]
[BlackElo "2510"]
[PlyCount "138"]
[EventDate "2019.06.01"]
[EventType "swiss"]
[EventRounds "9"]
[EventCountry "ITA"]
[SourceTitle "CBM 190 Extra"]
[Source "ChessBase"]
[SourceDate "2019.07.15"]
[SourceVersion "1"]
[SourceVersionDate "2019.07.15"]
[SourceQuality "1"]

1. d4 Nf6 2. Bg5 c5 3. d5 e5 4. Nc3 d6 5. e4 Be7 6. Bb5+ Nfd7 7. Bxe7 Qxe7 8. a4 Na6 9. Nf3 Nc7 10. 0-0 0-0 11. Nd2 g6 12. f4 exf4 13. Bxd7 Bxd7 14. Rxf4 f5 15. Qe2 Rae8 16. Qd3 a6 17. a5 Qe5 18. Raf1 Qd4+ 19. Qxd4 cxd4 20. Na2 g5 21. R4f3 f4 22. c4 dxc3 23. Nxc3 Nb5 24. Nxb5 Bxb5 25. Rc1 g4 26. Rfc3 Rf7 27. Rc7 Ree7 28. Rxe7 Rxe7 29. g3 f3 30. Kf2 Kg7 31. h3 h5 32. hxg4 hxg4 33. b3 Kf6 34. Ke3 Rh7 35. Kf4 Rh2 36. Nc4 Bxc4 37. bxc4 Re2 38. Kxg4 f2 39. Rf1 Rxe4+ 40. Kh3 Rxc4 41. Rxf2+ Ke5 42. Rb2 Rc7 43. Rd2 Rc5 44. g4 Rxa5 45. Re2+ Kxd5 46. g5 Ra1 47. Kg4 Rg1+ 48. Kf5 b5 49. Ra2 b4 50. Rxa6 Rf1+ 51. Kg6 b3 52. Rb6 Rb1 53. Kg7 Kc5 54. Rb8 b2 55. g6 d5 56. Kg8 Rg1 57. Rxb2 Rxg6+ 58. Kf7 Ra6 59. Rc2+ Kb4 60. Rd2 Kc4 61. Rc2+ Kd3 62. Rc8 d4 63. Rd8 Ke3 64. Re8+ Kd2 65. Rd8 d3 66. Kg7 Kc2 67. Rc8+ Kd1 68. Rd8 d2 69. Kf7 Rc6 0-1

[Event "GER-chT Betriebe 18th"]
[Site "Altenberg Zinnwald"]
[Date "2018.11.10"]
[Round "6.1"]
[White "Gohil, Harry"]
[Black "Schleining, Zoya"]
[Result "1/2-1/2"]
[WhiteElo "2229"]
[BlackElo "2370"]
[PlyCount "77"]
[EventDate "2018.11.08"]
[EventType "team-swiss"]
[EventRounds "7"]
[EventCountry "GER"]
[SourceTitle "EXT 2020"]
[Source "ChessBase"]
[SourceDate "2019.10.17"]
[SourceVersion "1"]
[SourceVersionDate "2019.10.17"]
[SourceQuality "1"]
[WhiteTeam "Frankfurt Commerzbank"]
[BlackTeam "Erkrath"]
[WhiteTeamCountry "GER"]
[BlackTeamCountry "GER"]

1. d4 Nf6 2. Bg5 c5 3. d5 Ne4 4. Bf4 Qb6 5. Bc1 e6 6. f3 Nf6 7. e4 exd5 8. exd5 c4 9. Bxc4 Bc5 10. Ne2 0-0 11. Nbc3 d6 12. a3 Re8 13. b4 Bf2+ 14. Kf1 Bh4 15. Ng3 Nbd7 16. Na4 Qc7 17. Qd4 Ne5 18. Bb3 Ng6 19. Bd2 Bd7 20. Re1 Rxe1+ 21. Bxe1 Re8 22. Nc3 Re5 23. Nge2 Bxe1 24. Kxe1 Nh4 25. Kf2 Nf5 26. Qxa7 Qd8 27. Rd1 b6 28. g3 h5 29. Rd3 Nh6 30. Nd4 Bh3 31. Nce2 Nhg4+ 32. fxg4 Nxg4+ 33. Ke1 Qg5 34. Qxb6 Qc1+ 35. Rd1 Qe3 36. Qb8+ Re8 37. Qb5 Qf2+ 38. Kd2 Qe3+ 39. Ke1 1/2-1/2

[Event "BL2-West 1819"]
[Site "Germany"]
[Date "2018.10.21"]
[Round "1.5"]
[White "Gohil, Harry"]
[Black "Sundorf, Jannik"]
[Result "1-0"]
[WhiteElo "2228"]
[BlackElo "2175"]
[PlyCount "59"]
[EventDate "2018.11.21"]
[EventType "team-tourn"]
[EventRounds "9"]
[EventCountry "GER"]
[SourceTitle "CBM 190 Extra"]
[Source "ChessBase"]
[SourceDate "2019.07.15"]
[SourceVersion "1"]
[SourceVersionDate "2019.07.15"]
[SourceQuality "1"]
[WhiteTeam "Mainz Schott"]
[BlackTeam "Dortmund Hansa"]
[WhiteTeamCountry "GER"]
[BlackTeamCountry "GER"]

1. d4 Nf6 2. Bg5 e6 3. e4 h6 4. Bxf6 Qxf6 5. c3 d6 6. Bd3 g6 7. Ne2 Bg7 8. 0-0 Qe7 9. f4 0-0 10. Nd2 Nd7 11. e5 b6 12. Be4 d5 13. Bd3 a5 14. Nf3 c5 15. g4 Ba6 16. Bxa6 Rxa6 17. f5 gxf5 18. gxf5 exf5 19. Nf4 cxd4 20. cxd4 Nxe5 21. dxe5 Bxe5 22. Nxe5 Qxe5 23. Qd2 d4 24. Rae1 Qd6 25. Qd3 Ra7 26. Qxf5 Rd8 27. Re5 Re7 28. Rd5 Qc7 29. Rxd8+ Qxd8 30. Nd5 1-0

[Event "BL2-Sued 1516"]
[Site "Germany"]
[Date "2016.03.13"]
[Round "8.7"]
[White "Hacker, Jonas"]
[Black "Gohil, Harry"]
[Result "1-0"]
[WhiteElo "2357"]
[BlackElo "2290"]
[PlyCount "71"]
[EventDate "2015.09.20"]
[EventType "team-tourn"]
[EventRounds "9"]
[EventCountry "GER"]
[SourceTitle "EXT 2017"]
[Source "ChessBase"]
[SourceDate "2016.10.25"]
[SourceVersion "1"]
[SourceVersionDate "2016.10.25"]
[SourceQuality "1"]
[WhiteTeam "Eppingen"]
[BlackTeam "Schott Mainz"]
[WhiteTeamCountry "GER"]
[BlackTeamCountry "GER"]

1. e4 c5 2. Nf3 Nc6 3. d4 cxd4 4. Nxd4 e5 5. Nb5 d6 6. N1c3 a6 7. Na3 Be7 8. Be3 Nf6 9. Nc4 b5 10. Nb6 Rb8 11. Nxc8 Qxc8 12. a4 0-0 13. axb5 axb5 14. Be2 Nb4 15. 0-0 d5 16. Nxd5 Nfxd5 17. exd5 Rd8 18. Bf3 Qxc2 19. Ba7 Rbc8 20. Qxc2 Rxc2 21. Ra5 Rxb2 22. Rxb5 f5 23. Rb7 Bd6 24. g4 e4 25. Bg2 fxg4 26. Bd4 Re2 27. Rxg7+ Kf8 28. Rxg4 Re8 29. Rd1 h5 30. Rg6 Ke7 31. Rg7+ Kf8 32. Rd7 Be7 33. Kf1 Ra2 34. Bxe4 Ra6 35. Rb1 Kg8 36. Rxb4 1-0

[Event "BL2-Sued 1415"]
[Site "Germany"]
[Date "2015.04.12"]
[Round "9.4"]
[White "Spiegel, Stefan"]
[Black "Gohil, Harry"]
[Result "1/2-1/2"]
[WhiteElo "2226"]
[BlackElo "2322"]
[PlyCount "20"]
[EventDate "2014.09.21"]
[EventType "team-tourn"]
[EventRounds "9"]
[EventCountry "GER"]
[SourceTitle "CBM 166 Extra"]
[Source "ChessBase"]
[SourceDate "2015.06.18"]
[SourceVersion "1"]
[SourceVersionDate "2015.06.18"]
[SourceQuality "1"]
[WhiteTeam "Viernheim"]
[BlackTeam "Mainz Schott"]
[WhiteTeamCountry "GER"]
[BlackTeamCountry "GER"]

1. e4 c5 2. Nc3 Nc6 3. f4 g6 4. Nf3 Bg7 5. Bb5 Nd4 6. a4 e6 7. d3 Ne7 8. e5 a6 9. Bc4 d5 10. exd6 Nef5 1/2-1/2

[Event "BL2-Sued 1415"]
[Site "Germany"]
[Date "2015.02.22"]
[Round "7.6"]
[White "Boehmer, Christian"]
[Black "Gohil, Harry"]
[Result "0-1"]
[WhiteElo "2210"]
[BlackElo "2322"]
[PlyCount "142"]
[EventDate "2014.09.21"]
[EventType "team-tourn"]
[EventRounds "9"]
[EventCountry "GER"]
[SourceTitle "CBM 166 Extra"]
[Source "ChessBase"]
[SourceDate "2015.06.18"]
[SourceVersion "1"]
[SourceVersionDate "2015.06.18"]
[SourceQuality "1"]
[WhiteTeam "Moerlenbach Birkenau"]
[BlackTeam "Mainz Schott"]
[WhiteTeamCountry "GER"]
[BlackTeamCountry "GER"]

1. d4 Nf6 2. c4 g6 3. Nc3 Bg7 4. e4 0-0 5. Be2 d6 6. Nf3 c5 7. 0-0 cxd4 8. Nxd4 Nbd7 9. Be3 a6 10. Qd2 Nc5 11. f3 Bd7 12. Rfd1 Rc8 13. Qe1 Na4 14. Nxa4 Bxa4 15. b3 Bd7 16. Rac1 Ne8 17. a4 Kh8 18. Qb4 b6 19. Nc2 Rb8 20. Qd2 a5 21. Bh6 Bxh6 22. Qxh6 Ng7 23. f4 f6 24. Rd3 Rf7 25. g4 Ne6 26. Nd4 Nxd4 27. Rxd4 Qc8 28. Qh4 Qc5 29. Qf2 Rbf8 30. Rd5 Qa3 31. Qe3 Bc6 32. Rdd1 Qc5 33. Qxc5 bxc5 34. Bd3 Rb8 35. Rc3 Kg7 36. Kf2 Rff8 37. Ke3 Rb7 38. Bc2 g5 39. Rf1 gxf4+ 40. Rxf4 Rg8 41. Kd2 Be8 42. Rg3 Kh8 43. Rf1 Rb8 44. Rfg1 Bg6 45. R1g2 Rbf8 46. Rg1 Rg7 47. Rf1 Bf7 48. Rfg1 Rfg8 49. Bd1 Be6 50. Kc3 Rg6 51. Kd2 R8g7 52. Kc3 Bd7 53. Kd2 Kg8 54. Ke3 Kf7 55. h4 Kf8 56. g5 fxg5 57. h5 Rf6 58. Rxg5 Rxg5 59. Rxg5 Rf1 60. Ke2 Rh1 61. e5 h6 62. Rg3 dxe5 63. Kd2 Bf5 64. Rg2 e6 65. Rf2 Ke7 66. Rg2 Kf7 67. Rf2 Kf6 68. Rg2 e4 69. Be2 Rh3 70. Bd1 Ke5 71. Ke2 Rxh5 0-1

[Event "BL2-Sued 1314"]
[Site "Germany"]
[Date "2014.02.09"]
[Round "6.8"]
[White "Gohil, Harry"]
[Black "Nazarenus, Moritz"]
[Result "1-0"]
[WhiteElo "2301"]
[BlackElo "2264"]
[PlyCount "53"]
[EventDate "2013.10.13"]
[EventType "team-tourn"]
[EventRounds "9"]
[EventCountry "GER"]
[SourceTitle "EXT 2015"]
[Source "ChessBase"]
[SourceDate "2014.11.20"]
[SourceVersion "1"]
[SourceVersionDate "2014.11.20"]
[SourceQuality "1"]
[WhiteTeam "Schott Mainz"]
[BlackTeam "Schoeneck"]
[WhiteTeamCountry "GER"]
[BlackTeamCountry "GER"]

1. d4 d5 2. Nf3 c6 3. e3 Bg4 4. c4 e6 5. Qb3 Qb6 6. Ne5 Bf5 7. Nc3 Nd7 8. Nxd7 Qxb3 9. axb3 Kxd7 10. c5 e5 11. b4 exd4 12. exd4 Re8+ 13. Be3 a6 14. b5 axb5 15. Nxb5 Rxe3+ 16. fxe3 cxb5 17. Bxb5+ Kc7 18. 0-0 g6 19. Ra8 Bg7 20. Re8 Nh6 21. Re7+ Kb8 22. c6 bxc6 23. Bxc6 Kc8 24. Bxd5 Bf6 25. Ra7 Ng4 26. Rxf7 Bg5 27. Ra1 1-0